| 000 | 01163nam a22002297a 4500 | ||
|---|---|---|---|
| 003 | AR-RoUNCS | ||
| 005 | 20260204143512.0 | ||
| 008 | 260204s2019 ag ||||| |||| 00| f spa d | ||
| 020 | _a978-987-725-331-3 | ||
| 040 |
_bspa _cAR-RoUNCS |
||
| 080 | _082-31(82) | ||
| 100 | 1 |
_aArlt, Roberto _d(1900-1942), _eautor |
|
| 245 | 1 | 3 |
_aEl juguete rabioso / _cRoberto Arlt. |
| 250 | _a1a ed. | ||
| 260 |
_aBuenos Aires : _bDebolsillo, _c2019. |
||
| 300 |
_a192 p. ; _c19 cm. |
||
| 490 | 0 | _aContemporánea | |
| 520 | 3 | _aLa primera novela de Roberto Arlt narra en cuatro episodios la lucha de un adolescente (Silvio Astier) por escapar de la miseria y humillación a la que se ve sometido como consecuencia de su condición social, marcada por la marginación y la pobreza. Como en los claros referentes de la novela picaresca, el héroe —o antihéroe— trata de conquistar el paraíso de la abundancia sin obtener más que tropiezos caricaturescos en un entramado hostil, repleto de personajes patéticos, ruines y desesperados que Silvio soporta con aires de resignación. | |
| 650 | 7 |
_aLiteratura argentina _2embne |
|
| 655 | 7 |
_aNovelas _2embne |
|
| 942 |
_2udc _cOG _n0 |
||
| 999 |
_c877 _d877 |
||